| 000 | 00594pab a2200181 454500 | ||
|---|---|---|---|
| 008 | 180718b2015 xxu||||| |||| 00| 0 eng d | ||
| 100 | _aMalapit, Hazel Jean L. et al | ||
| 245 | _aWomen's empowerment mitigates the negative effects of low production diversity on maternal and child nutrition in Nepal | ||
| 260 | _c2015 | ||
| 300 | _ap.1097-1123. | ||
| 362 | _aAug | ||
| 650 | _aAgricultural production - Nepal | ||
| 650 | _aNutrition - Nepal | ||
| 650 | _aWomen in agriculture - Nepal | ||
| 650 | _aWomen in agriculture | ||
| 773 | _aJournal of Development Studies | ||
| 909 | _a109325 | ||
| 999 |
_c109320 _d109320 |
||